=LDR 00000nam 2200000 4500 =001 INLIS000000000045240 =005 20150109144925.0 =006 =007 =008 =035 ##$$0010-011500000000066 =082 ##$$a 028.5 =090 ##$$a 028.5 $b aqs c =100 ##$$a alif aqsha $t the careless girl =245 ##$$a the careless girl =260 ##$$a Jakarta $b pt lingkar pena kreativa $c 2011 =300 ##$$a 115 hlm $b ilus $c 23 cm =850 ##$$a NBPMAT =990 ##$$a 0001/BPAP-NTB/20142015